Unikalne litery dla europejskich języków - Statystyki

Ogólne statystyki
  • Ten quiz został rozwiązany 35 razy
  • Średni wynik to 6 z 15
Statystyki odpowiedzi
Litera Język % Poprawnych
ß niemiecki
100%
Ł polski
100%
Ą polski
69%
Ñ hiszpański
59%
Ř czeski
44%
Ț rumuński
28%
Ű węgierski
28%
Þ islandzki
25%
Ķ łotewski
19%
Ș rumuński
19%
Ë albański
16%
Õ estoński
16%
Ė litewski
16%
Ľ słowacki
16%
Ġ maltański
13%
Nie znaleziono quizów pasujących do podanych kryteriów
Rozkład punktacji
Procent ludzi z każdym wynikiem
Percentyl według liczby udzielonych odpowiedzi
Twoja historia wyników
Nie rozwiązałeś tego quizu